[Event "Buenos Aires Vicente Lopez 24th"]
[Site "Buenos Aires"]
[Date "2022.11.07"]
[Round "8"]
[White "Acosta, Pablo Ismael"]
[Black "Trujillo Villega, Pablo Adrian"]
[Result "1-0"]
[WhiteElo "2461"]
[BlackElo "2135"]
[PlyCount "101"]
[EventDate "2022.10.31"]
[EventType "tourn"]
[EventRounds "9"]
[EventCountry "ARG"]
[SourceTitle "CBM 211 Extra"]
[Source "ChessBase"]
[SourceDate "2023.01.31"]
[SourceVersion "1"]
[SourceVersionDate "2023.01.31"]
[SourceQuality "1"]

1. d4 Nf6 2. c4 e6 3. Nc3 Bb4 4. e3 b6 5. Bd3 Bb7 6. Nf3 Ne4 7. Qc2 f5 8. 0-0 Bxc3 9. bxc3 0-0 10. d5 exd5 11. cxd5 Bxd5 12. Nd4 Nc6 13. f3 Nxd4 14. exd4 Nf6 15. Bxf5 Bc4 16. Re1 Re8 17. Bg5 h6 18. Bh4 d6 19. Be4 Rb8 20. Bc6 Rxe1+ 21. Rxe1 Bf7 22. Qf5 Qc8 23. Qf4 Nd5 24. Bxd5 Bxd5 25. Re7 Qf8 26. Qg4 Bxa2 27. Rxc7 Re8 28. Rxa7 Bf7 29. Bg3 Re6 30. Qf5 Qe8 31. h4 Rf6 32. Qd3 Rg6 33. Bf2 h5 34. Qf5 Rf6 35. Qb1 Rg6 36. Qd3 Qc6 37. Kh2 Qc4 38. Qf5 Qe6 39. Ra8+ Kh7 40. Qxh5+ Rh6 41. Qg5 Rg6 42. Qd8 Rh6 43. Bg3 Qf5 44. Qh8+ Kg6 45. Qc8 Be6 46. Qf8 Qxf8 47. Rxf8 b5 48. Rb8 Bc4 49. Rb6 Kh5 50. Bxd6 Kxh4 51. Be7+ 1-0

[Event "Buenos Aires Vicente Lopez 24th"]
[Site "Buenos Aires"]
[Date "2022.11.04"]
[Round "5"]
[White "Oro, Faustino"]
[Black "Trujillo Villega, Pablo Adrian"]
[Result "1-0"]
[WhiteElo "2148"]
[BlackElo "2135"]
[PlyCount "95"]
[EventDate "2022.10.31"]
[EventType "tourn"]
[EventRounds "9"]
[EventCountry "ARG"]
[SourceTitle "CBM 211 Extra"]
[Source "ChessBase"]
[SourceDate "2023.01.31"]
[SourceVersion "1"]
[SourceVersionDate "2023.01.31"]
[SourceQuality "1"]

1. e4 c5 2. Nf3 Nc6 3. d4 cxd4 4. Nxd4 Nf6 5. Nc3 e6 6. Nxc6 bxc6 7. e5 Nd5 8. Ne4 Qc7 9. f4 Qb6 10. c4 Bb4+ 11. Ke2 f5 12. Nf2 Ba6 13. Kf3 Ne7 14. Be3 Bc5 15. Bxc5 Qxc5 16. Qd6 Qb6 17. b3 c5 18. Rd1 Bb7+ 19. Ke3 Kf7 20. Be2 Rac8 21. Bf3 Bxf3 22. Kxf3 Qb7+ 23. Ke2 g5 24. g3 gxf4 25. gxf4 Rc7 26. Rhg1 Ng6 27. Qd2 Rd8 28. Qe3 d5 29. exd6 Rcd7 30. h4 Rxd6 31. h5 Nh4 32. Rxd6 Rxd6 33. Qg3 Rd2+ 34. Kxd2 Nf3+ 35. Kc3 Qb4+ 36. Kb2 Qd2+ 37. Kb1 Nxg1 38. Qxg1 Qxf4 39. Nd3 Qe4 40. Kc2 Qe2+ 41. Kc3 Qxa2 42. Nxc5 Qa5+ 43. b4 Qc7 44. Qg7+ Kxg7 45. Nxe6+ Kf6 46. Nxc7 Ke5 47. Kd3 f4 48. Nb5 1-0

[Event "Caracas Hernandez Cup"]
[Site "Caracas"]
[Date "2014.10.10"]
[Round "5"]
[White "Trujillo Villega, Pablo Adrian"]
[Black "Guerrero Vargas, Andres Jesus"]
[Result "0-1"]
[WhiteElo "2137"]
[BlackElo "2327"]
[PlyCount "60"]
[EventDate "2014.10.08"]
[EventType "swiss"]
[EventRounds "9"]
[EventCountry "VEN"]
[SourceTitle "EXT 2016"]
[Source "ChessBase"]
[SourceDate "2015.10.08"]
[SourceVersion "1"]
[SourceVersionDate "2015.10.08"]
[SourceQuality "1"]

1. e4 c5 2. Nf3 e6 3. d4 cxd4 4. Nxd4 Nc6 5. Nc3 Qc7 6. g3 a6 7. Bg2 Nf6 8. 0-0 h5 9. Bg5 Ne5 10. Qe2 b5 11. Rad1 Bb7 12. f4 Nc4 13. b3 Nb2 14. e5 Nxd1 15. Rxd1 Nh7 16. Bxb7 Qxb7 17. Qxh5 Rc8 18. Nce2 Bc5 19. Bh4 Qe4 20. Rd3 Bb6 21. Kf1 Rxc2 22. Nxc2 Qxd3 23. Ne1 Qe3 24. Qf3 Qxf3+ 25. Nxf3 0-0 26. Ke1 Rc8 27. Kd2 f6 28. g4 Kf7 29. Bg3 Bc7 30. Nc3 Ba5 0-1

[Event "VEN-ch qual 2nd Cojedes"]
[Site "San Carlos"]
[Date "2014.08.16"]
[Round "5"]
[White "Trujillo Villega, Pablo Adrian"]
[Black "Rincon Sequeda, Jose Omar"]
[Result "1-0"]
[WhiteElo "2161"]
[BlackElo "2107"]
[PlyCount "51"]
[EventDate "2014.08.14"]
[EventType "swiss"]
[EventRounds "7"]
[EventCountry "VEN"]
[SourceTitle "EXT 2018"]
[Source "ChessBase"]
[SourceDate "2017.10.13"]
[SourceVersion "1"]
[SourceVersionDate "2017.10.13"]
[SourceQuality "1"]

1. e4 c5 2. Nf3 g6 3. d4 Bg7 4. Nc3 cxd4 5. Nxd4 Nc6 6. Be3 d6 7. Qd2 Nf6 8. f3 0-0 9. Bc4 a6 10. Bb3 Bd7 11. 0-0-0 b5 12. h4 Nxd4 13. Bxd4 a5 14. h5 a4 15. Bxf6 exf6 16. Bd5 b4 17. Ne2 Rb8 18. hxg6 hxg6 19. Rh6 g5 20. Rh5 Rb6 21. Nd4 Qc8 22. Kb1 Be6 23. g4 Re8 24. Rdh1 Bxd5 25. Qh2 Kf8 26. Nf5 1-0

[Event "VEN-ch qual 2nd Cojedes"]
[Site "San Carlos"]
[Date "2014.08.14"]
[Round "2"]
[White "Ramirez Gonzalez, Mauricio"]
[Black "Trujillo Villega, Pablo Adrian"]
[Result "0-1"]
[WhiteElo "1805"]
[BlackElo "2161"]
[PlyCount "171"]
[EventDate "2014.08.14"]
[EventType "swiss"]
[EventRounds "7"]
[EventCountry "VEN"]
[SourceTitle "EXT 2018"]
[Source "ChessBase"]
[SourceDate "2017.10.13"]
[SourceVersion "1"]
[SourceVersionDate "2017.10.13"]
[SourceQuality "1"]

1. e4 c5 2. Nc3 Nc6 3. g3 g6 4. Bg2 Bg7 5. d3 d6 6. Bg5 Qa5 7. Nge2 Nd4 8. Bd2 Bg4 9. h3 Nf3+ 10. Kf1 Nxd2+ 11. Qxd2 Bd7 12. Kg1 e6 13. Kh2 Ne7 14. f4 0-0 15. Rad1 Rae8 16. Nd5 Qd8 17. Nxe7+ Rxe7 18. d4 cxd4 19. Nxd4 e5 20. Ne2 exf4 21. Nxf4 Be5 22. c3 Bc6 23. Rhe1 Qa5 24. Nd5 Bxd5 25. Qxd5 Qxd5 26. Rxd5 f5 27. Rdd1 f4 28. gxf4 Rxf4 29. Kg1 Kg7 30. Rf1 Ref7 31. Rxf4 Rxf4 32. Rf1 b6 33. Rd1 Kf6 34. a4 Kg5 35. Rd3 Kh4 36. b4 h5 37. c4 Rf8 38. Bf1 g5 39. Kg2 Rf4 40. Re3 g4 41. hxg4 hxg4 42. Rd3 Rxe4 43. Rd5 Re3 44. a5 Rg3+ 45. Kf2 Rc3 46. axb6 axb6 47. Rd2 Rb3 48. b5 Kg5 49. Bg2 Kf4 50. Bd5 Bc3 51. Re2 Bd4+ 52. Kg2 Rg3+ 53. Kh2 Bg1+ 54. Kh1 Be3 55. Bg2 Bc5 56. Kh2 Rc3 57. Bd5 Be3 58. Ra2 Rc1 59. Re2 Ra1 60. Rc2 Ra7 61. Kh1 Rh7+ 62. Rh2 Ra7 63. Rc2 g3 64. Kg2 Rh7 65. Kf1 Ke5 66. Re2 Kd4 67. Ra2 Rh8 68. Rc2 Bf2 69. Ra2 Rc8 70. Rd2+ Kc3 71. Rd1 Rc7 72. Bc6 Bd4 73. Kg2 Be5 74. Bd5 Ra7 75. Rf1 Ra2+ 76. Kf3 Rd2 77. Be6 Kb4 78. Rg1 Rf2+ 79. Ke3 Kc5 80. Bd5 Rc2 81. Kf3 Rf2+ 82. Ke4 Rf4+ 83. Kd3 Rd4+ 84. Ke2 Rxc4 85. Bxc4 Kxc4 86. Kf3 0-1

[Event "San Cristobal Bolivar op 1st"]
[Site "San Cristobal"]
[Date "2012.09.29"]
[Round "9"]
[White "Trujillo Villega, Pablo Adrian"]
[Black "Zuluaga Mancilla, Cesar"]
[Result "0-1"]
[WhiteElo "2152"]
[BlackElo "2394"]
[PlyCount "102"]
[EventDate "2012.09.25"]
[EventType "swiss"]
[EventRounds "10"]
[EventCountry "VEN"]
[SourceTitle "EXT 2013"]
[Source "ChessBase"]
[SourceDate "2012.11.22"]
[SourceVersion "1"]
[SourceVersionDate "2012.11.22"]
[SourceQuality "1"]

1. e4 c5 2. Nf3 a6 3. c3 d5 4. exd5 Qxd5 5. d4 e6 6. Be3 cxd4 7. cxd4 Nf6 8. Nc3 Qd6 9. Bd3 Nc6 10. a3 Be7 11. 0-0 0-0 12. Qe2 b5 13. Rfd1 Bb7 14. Bg5 Rfd8 15. Bh4 Qf4 16. Bg3 Qg4 17. h3 Qh5 18. Ne4 Nd5 19. Rac1 Qh6 20. Nc5 Bxc5 21. dxc5 Rac8 22. b4 a5 23. Bxb5 axb4 24. axb4 Ncxb4 25. Ne5 Nc6 26. Nc4 Nd4 27. Qb2 Rxc5 28. Qxd4 Rxb5 29. Nd6 Rb6 30. Rc7 Rbxd6 31. Bxd6 Nxc7 32. Qb6 Qh5 33. Rd4 Re8 34. Qxb7 Nd5 35. Rc4 Qd1+ 36. Kh2 h6 37. Rg4 Nf6 38. Qc6 Nxg4+ 39. hxg4 Rd8 40. Be7 Qd7 41. Qc5 Rc8 42. Qb4 Qc7+ 43. Bd6 Qc4 44. Qb7 Qc6 45. Qb4 Ra8 46. f3 Qd5 47. Bf4 Rc8 48. Qe7 f6 49. Bg3 e5 50. Bh4 Qc6 51. Bg3 Re8 0-1

[Event "San Cristobal Bolivar op 1st"]
[Site "San Cristobal"]
[Date "2012.09.28"]
[Round "7"]
[White "Trujillo Villega, Pablo Adrian"]
[Black "Yanez Rodriguez, William"]
[Result "1-0"]
[WhiteElo "2152"]
[BlackElo "1968"]
[PlyCount "87"]
[EventDate "2012.09.25"]
[EventType "swiss"]
[EventRounds "10"]
[EventCountry "VEN"]
[SourceTitle "EXT 2013"]
[Source "ChessBase"]
[SourceDate "2012.11.22"]
[SourceVersion "1"]
[SourceVersionDate "2012.11.22"]
[SourceQuality "1"]

1. e4 e6 2. d4 d5 3. Nc3 Nf6 4. e5 Nfd7 5. f4 c5 6. Nf3 Nc6 7. Be3 cxd4 8. Nxd4 Bc5 9. Qd2 a6 10. 0-0-0 0-0 11. Kb1 Nxd4 12. Bxd4 b5 13. Ne2 Qc7 14. Bxc5 Nxc5 15. Nd4 Ne4 16. Qe3 b4 17. Bd3 Bb7 18. g4 Rfc8 19. h4 Qc5 20. h5 Rc7 21. g5 Rb8 22. Rhe1 Bc8 23. Bxe4 dxe4 24. Qxe4 Bb7 25. Qe2 Bd5 26. Rd2 Qa5 27. Nb3 Qb6 28. Qe3 Qb5 29. Qd3 Qb6 30. f5 a5 31. g6 fxg6 32. hxg6 a4 33. fxe6 axb3 34. Qxd5 bxa2+ 35. Ka1 Re7 36. Qh1 h6 37. Rd6 Qc5 38. Qh4 Qc7 39. Red1 b3 40. cxb3 Ra8 41. Rd7 Rxd7 42. exd7 Qd8 43. Qc4+ Kf8 44. Qd5 1-0

[Event "San Cristobal Bolivar op 1st"]
[Site "San Cristobal"]
[Date "2012.09.27"]
[Round "4"]
[White "Arias, Lemnys A"]
[Black "Trujillo Villega, Pablo Adrian"]
[Result "0-1"]
[WhiteElo "2361"]
[BlackElo "2152"]
[PlyCount "144"]
[EventDate "2012.09.25"]
[EventType "swiss"]
[EventRounds "10"]
[EventCountry "VEN"]
[SourceTitle "EXT 2013"]
[Source "ChessBase"]
[SourceDate "2012.11.22"]
[SourceVersion "1"]
[SourceVersionDate "2012.11.22"]
[SourceQuality "1"]

1. e4 c5 2. Nf3 Nc6 3. d4 cxd4 4. Nxd4 Nf6 5. Nc3 e6 6. Ndb5 Bb4 7. a3 Bxc3+ 8. Nxc3 d5 9. Bd3 d4 10. Ne2 e5 11. 0-0 0-0 12. b4 a6 13. Bd2 Bg4 14. f3 Bh5 15. a4 Qe7 16. Qb1 Rfe8 17. Qb2 Nd7 18. b5 Nd8 19. Bb4 Qg5 20. Qc1 h6 21. c4 dxc3 22. Nxc3 Ne6 23. Nd5 Nf4 24. Nxf4 exf4 25. Bd6 Ne5 26. Bxe5 Qxe5 27. Rf2 Red8 28. Bf1 axb5 29. Bxb5 Rac8 30. Qb2 Qc5 31. Rb1 Rd4 32. Bf1 Rxa4 33. Qxb7 Ra2 34. Qxc8+ Qxc8 35. Rxa2 Qc5+ 36. Kh1 g5 37. h3 Kg7 38. Rab2 Bg6 39. Rb5 Qf2 40. R5b2 Qc5 41. Bb5 Qd4 42. Ba6 Qc5 43. Rb8 Qf2 44. Bc8 h5 45. R8b5 Qg3 46. Bf5 Qf2 47. Bxg6 Kxg6 48. R5b2 Qe3 49. Rb6+ Kg7 50. R6b5 Kg6 51. Rf5 f6 52. Rfb5 g4 53. R5b3 Qe2 54. fxg4 hxg4 55. hxg4 Qxe4 56. Rb4 Qd3 57. R4b3 Qd7 58. Rb8 Qe6 59. R8b4 Kg5 60. Rf1 Qxg4 61. Rf3 Qh4+ 62. Kg1 Qe1+ 63. Kh2 Qxb4 64. Rh3 Kg4 65. Rf3 Qe4 66. Rh3 f3 67. gxf3+ Qxf3 68. Rxf3 Kxf3 69. Kg1 Ke2 70. Kg2 f5 71. Kg3 Ke3 72. Kg2 f4 0-1

[Event "San Cristobal Bolivar op 1st"]
[Site "San Cristobal"]
[Date "2012.09.25"]
[Round "1"]
[White "Trujillo Villega, Pablo Adrian"]
[Black "Soto Paez, Oliver de la Trinid"]
[Result "0-1"]
[WhiteElo "2152"]
[BlackElo "2350"]
[PlyCount "84"]
[EventDate "2012.09.25"]
[EventType "swiss"]
[EventRounds "10"]
[EventCountry "VEN"]
[SourceTitle "EXT 2013"]
[Source "ChessBase"]
[SourceDate "2012.11.22"]
[SourceVersion "1"]
[SourceVersionDate "2012.11.22"]
[SourceQuality "1"]

1. e4 c5 2. Nf3 e6 3. d4 cxd4 4. Nxd4 a6 5. Bd3 Bc5 6. Nb3 Be7 7. Qg4 g6 8. 0-0 d6 9. Qe2 Nd7 10. a4 b6 11. Nc3 Qc7 12. Kh1 Bb7 13. Bd2 h5 14. f4 h4 15. f5 gxf5 16. exf5 h3 17. Be4 Ngf6 18. fxe6 fxe6 19. Bf3 hxg2+ 20. Bxg2 Rg8 21. Bxb7 Qxb7+ 22. Qf3 Qxf3+ 23. Rxf3 Ne5 24. Rg3 Rxg3 25. hxg3 Nc4 26. Re1 e5 27. Bc1 Rc8 28. Nd2 Na3 29. Nf3 Nxc2 30. Re2 Nb4 31. Be3 Nbd5 32. Nxd5 Nxd5 33. Bf2 Kd7 34. Kg2 Bf6 35. b4 Rc4 36. a5 b5 37. Be1 Nxb4 38. Nd2 Rc2 39. Kf3 d5 40. Nb3 Nd3 41. Bd2 Rb2 42. Nc1 e4+ 0-1

[Event "VEN-ch Expertos y Maestros"]
[Site "San Carlos"]
[Date "2012.06.20"]
[Round "3"]
[White "Franco, Franvier"]
[Black "Trujillo Villega, Pablo Adrian"]
[Result "1-0"]
[WhiteElo "1924"]
[BlackElo "2176"]
[PlyCount "133"]
[EventDate "2012.06.19"]
[EventType "swiss"]
[EventRounds "9"]
[EventCountry "VEN"]
[SourceTitle "EXT 2015"]
[Source "ChessBase"]
[SourceDate "2014.11.20"]
[SourceVersion "1"]
[SourceVersionDate "2014.11.20"]
[SourceQuality "1"]

1. e4 c5 2. Nf3 Nc6 3. d4 cxd4 4. Nxd4 g6 5. Nc3 Bg7 6. Be3 Nf6 7. Bc4 0-0 8. Bb3 d6 9. f3 Bd7 10. Qd2 Nxd4 11. Bxd4 b5 12. 0-0 a5 13. a3 a4 14. Ba2 Qa5 15. Rfd1 Rfc8 16. Qf2 Rab8 17. e5 dxe5 18. Bxe5 Rb7 19. Nd5 Be8 20. Bxf6 exf6 21. c3 Qa7 22. Rd3 f5 23. Re1 Qxf2+ 24. Kxf2 Kf8 25. Rde3 Rd8 26. Re7 Rxe7 27. Rxe7 Rd7 28. Rxd7 Bxd7 29. Nb6 Bc6 30. Bd5 Be8 31. f4 Ke7 32. Bf3 Kd6 33. Nd5 Bd7 34. Ne3 Be6 35. g3 Bf6 36. Bd1 Bd8 37. Bc2 Kc5 38. Bd3 Bb6 39. Be2 h6 40. Bd3 Bd7 41. Ke2 Bc7 42. Bc2 Be6 43. Bd3 f6 44. h4 Bc4 45. Nxc4 bxc4 46. Bc2 Kb5 47. Kf3 Bd6 48. h5 gxh5 49. Bxf5 Bc5 50. Bg6 Bg1 51. Bxh5 Bb6 52. Be8+ Ka5 53. g4 Bg1 54. Ke4 Bh2 55. f5 Bg1 56. Kd5 Be3 57. Kxc4 Bc1 58. b4+ axb3 59. Kxb3 Kb6 60. Kb4 Kc7 61. a4 Kd6 62. Kb5 Bd2 63. Kb6 Ke7 64. Bc6 Bxc3 65. a5 Kd6 66. a6 Ke5 67. Be8 1-0

[Event "Barquisimeto op"]
[Site "Barquisimeto"]
[Date "2012.05.25"]
[Round "4"]
[White "Trujillo Villega, Pablo Adrian"]
[Black "Mendoza, Gustavo"]
[Result "0-1"]
[WhiteElo "2176"]
[BlackElo "2081"]
[PlyCount "70"]
[EventDate "2012.05.23"]
[EventType "swiss"]
[EventRounds "7"]
[EventCountry "VEN"]
[SourceTitle "CBM 148 Extra"]
[Source "ChessBase"]
[SourceDate "2012.06.22"]
[SourceVersion "1"]
[SourceVersionDate "2012.06.22"]
[SourceQuality "1"]

1. e4 e6 2. d4 d5 3. Nc3 Bb4 4. e5 c5 5. a3 Bxc3+ 6. bxc3 Ne7 7. Qg4 Qc7 8. Qxg7 Rg8 9. Qxh7 cxd4 10. Ne2 Nbc6 11. f4 Bd7 12. Bb2 Qb6 13. 0-0-0 dxc3 14. Bxc3 Na5 15. Nd4 Rc8 16. Bb4 Ba4 17. f5 Bxc2 18. Bb5+ Qxb5 19. Qxg8+ Nxg8 20. Nxb5 Bxf5+ 21. Kd2 Rc2+ 22. Ke1 Nc4 23. Nd4 Rxg2 24. Nxf5 exf5 25. Rxd5 f4 26. Rc5 Ne3 27. Bd2 Nh6 28. Bxe3 fxe3 29. Rc3 Nf5 30. Rc4 Ke7 31. Rc7+ Ke6 32. Rxb7 Nd4 33. Rxa7 Ra2 34. Kf1 Ra1+ 35. Kg2 Rxh1 0-1

[Event "Sabadell op 4th"]
[Site "Sabadell"]
[Date "2011.08.10"]
[Round "1"]
[White "Trujillo Villega, Pablo Adrian"]
[Black "Almeida Quintana, Omar"]
[Result "0-1"]
[WhiteElo "2173"]
[BlackElo "2548"]
[PlyCount "44"]
[EventDate "2011.08.10"]
[EventType "swiss"]
[EventRounds "9"]
[EventCountry "ESP"]
[SourceTitle "CBM 144 Extra"]
[Source "ChessBase"]
[SourceDate "2011.10.28"]
[SourceVersion "1"]
[SourceVersionDate "2011.10.28"]
[SourceQuality "1"]

1. e4 g6 2. d4 Bg7 3. Nc3 d6 4. Bg5 Nd7 5. Qd2 a6 6. a4 c5 7. Nf3 Ngf6 8. Bh6 Bxh6 9. Qxh6 cxd4 10. Nxd4 Qb6 11. 0-0-0 Nc5 12. Qg7 Rf8 13. Bc4 Be6 14. Nxe6 Nxe6 15. Bxe6 fxe6 16. Rd2 Qa5 17. Re1 Qh5 18. e5 Rg8 19. g4 Qxh2 20. exf6 Rxg7 21. fxg7 Kf7 22. Ne4 Qf4 0-1

[Event "Sitges op 37th"]
[Site "Sitges"]
[Date "2011.07.22"]
[Round "1"]
[White "Moskalenko, Viktor"]
[Black "Trujillo Villega, Pablo Adrian"]
[Result "1-0"]
[WhiteElo "2591"]
[BlackElo "2173"]
[PlyCount "65"]
[EventDate "2011.07.22"]
[EventType "swiss"]
[EventRounds "9"]
[EventCountry "ESP"]
[SourceTitle "CBM 143 Extra"]
[Source "ChessBase"]
[SourceDate "2011.08.29"]
[SourceVersion "1"]
[SourceVersionDate "2011.08.29"]
[SourceQuality "1"]

1. d4 Nf6 2. c4 e6 3. Nc3 Bb4 4. f3 d5 5. a3 Bxc3+ 6. bxc3 c5 7. cxd5 exd5 8. e3 0-0 9. Bd3 b6 10. Ne2 Bb7 11. 0-0 Nc6 12. Ra2 Rc8 13. g4 Re8 14. Ng3 Na5 15. g5 Nd7 16. e4 cxd4 17. cxd4 Nf8 18. e5 Ne6 19. Nf5 Nc4 20. f4 Rc7 21. Qe1 Kh8 22. Nxg7 Nxg7 23. Qh4 h5 24. f5 Rxe5 25. dxe5 Nxe5 26. f6 Nxd3 27. fxg7+ Kxg7 28. Qd4+ Kf8 29. Qh8+ Ke7 30. Re2+ Kd7 31. Rxf7+ Kc8 32. Re8 Rxc1+ 33. Rf1 1-0

[Event "Barcelona Sant Marti op 13th"]
[Site "Barcelona"]
[Date "2011.07.16"]
[Round "4"]
[White "Perpinya Rofes, Lluis Maria"]
[Black "Trujillo Villega, Pablo Adrian"]
[Result "0-1"]
[WhiteElo "2395"]
[BlackElo "2173"]
[PlyCount "96"]
[EventDate "2011.07.13"]
[EventType "swiss"]
[EventRounds "9"]
[EventCountry "ESP"]
[SourceTitle "CBM 143 Extra"]
[Source "ChessBase"]
[SourceDate "2011.08.29"]
[SourceVersion "1"]
[SourceVersionDate "2011.08.29"]
[SourceQuality "1"]

1. e4 c5 2. Nf3 Nc6 3. d4 cxd4 4. Nxd4 g6 5. Nc3 Bg7 6. Be3 Nf6 7. Bc4 Qa5 8. 0-0 0-0 9. Nb3 Qc7 10. Be2 a6 11. f4 d6 12. Bf3 Na5 13. Nxa5 Qxa5 14. Qe1 Re8 15. Qf2 Nd7 16. e5 dxe5 17. fxe5 Nxe5 18. Bd5 e6 19. Rae1 f5 20. Bb6 Qb4 21. Bc5 Qxb2 22. Na4 Qb5 23. Bb3 Qc6 24. Bd4 Ng4 25. Qf4 Bd7 26. Nb6 Bxd4+ 27. Qxd4 Rad8 28. h3 Bc8 29. Qb4 Nf6 30. Ba4 Qc7 31. Bxe8 Rxe8 32. Rf3 Ne4 33. Rxe4 fxe4 34. Rc3 Qf4 35. Qc5 Qc1+ 36. Kh2 Qf4+ 37. Kh1 Qf1+ 38. Qg1 Qf6 39. Qe3 e5 40. Qxe4 Qf1+ 41. Kh2 Qf5 42. Qg4 Rf8 43. Nd5 Kg7 44. Rc7+ Rf7 45. Qc4 Be6 46. Rc5 Rd7 47. Qb3 b6 48. Qxb6 Bxd5 0-1

[Event "Barcelona Sant Marti op 13th"]
[Site "Barcelona"]
[Date "2011.07.15"]
[Round "3"]
[White "Trujillo Villega, Pablo Adrian"]
[Black "Lorenzo de la Riva, Lazaro"]
[Result "1/2-1/2"]
[WhiteElo "2173"]
[BlackElo "2391"]
[PlyCount "79"]
[EventDate "2011.07.13"]
[EventType "swiss"]
[EventRounds "9"]
[EventCountry "ESP"]
[SourceTitle "CBM 143 Extra"]
[Source "ChessBase"]
[SourceDate "2011.08.29"]
[SourceVersion "1"]
[SourceVersionDate "2011.08.29"]
[SourceQuality "1"]

1. e4 c5 2. Nf3 Nf6 3. Nc3 d5 4. e5 Nfd7 5. d4 cxd4 6. Qxd4 e6 7. Bf4 Nc6 8. Qa4 Nc5 9. Qb5 a6 10. Qe2 b5 11. Qd1 Bb7 12. Nd4 Nxd4 13. Qxd4 b4 14. Ne2 Rc8 15. Qe3 Ne4 16. f3 Bc5 17. Nd4 g5 18. Bg3 Nxg3 19. hxg3 Bxd4 20. Qxd4 Rxc2 21. Bd3 Rc6 22. Qxb4 Qc7 23. 0-0 h5 24. Rae1 h4 25. Qg4 Qb6+ 26. Rf2 hxg3 27. Qxg3 Qb4 28. Ref1 Qh4 29. Qxh4 Rxh4 30. g3 Rd4 31. Rd2 Ke7 32. f4 gxf4 33. Rxf4 Rxf4 34. gxf4 Rc1+ 35. Kf2 Rh1 36. Kf3 d4+ 37. Ke2 Rg1 38. Kf2 Rc1 39. a3 a5 40. Kg3 1/2-1/2

[Event "Barbera del Valles op 34th"]
[Site "Barbera del Valles"]
[Date "2011.07.12"]
[Round "9"]
[White "Bystrov, Sergej Mikhailovich"]
[Black "Trujillo Villega, Pablo Adrian"]
[Result "1/2-1/2"]
[WhiteElo "2300"]
[BlackElo "2173"]
[PlyCount "104"]
[EventDate "2011.07.04"]
[EventType "swiss"]
[EventRounds "9"]
[EventCountry "ESP"]
[SourceTitle "CBM 143 Extra"]
[Source "ChessBase"]
[SourceDate "2011.08.29"]
[SourceVersion "1"]
[SourceVersionDate "2011.08.29"]
[SourceQuality "1"]

1. e4 c5 2. d3 g6 3. g3 Bg7 4. Bg2 Nc6 5. f4 e6 6. Nf3 Nge7 7. c3 d5 8. e5 d4 9. c4 Rb8 10. Nbd2 b5 11. Ne4 0-0 12. b3 bxc4 13. bxc4 Nf5 14. 0-0 Ne3 15. Bxe3 dxe3 16. Re1 Nd4 17. Rxe3 Nxf3+ 18. Rxf3 Qd4+ 19. Kh1 Rb2 20. Qg1 Rd8 21. Qxd4 Rxd4 22. Rf2 Rxf2 23. Nxf2 f6 24. Rb1 fxe5 25. Rb8 Rd8 26. Kg1 Rf8 27. Bh3 Kh8 28. Ne4 exf4 29. gxf4 Bd4+ 30. Kg2 Kg7 31. Ra8 a5 32. Ra7+ Kh6 33. Rxa5 Rxf4 34. Ra7 Rf8 35. Rc7 Rd8 36. Bg4 Bd7 37. Nxc5 Bxc5 38. Rxc5 Ra8 39. Rc7 Rxa2+ 40. Kg3 Ba4 41. Ra7 e5 42. Bd1 Bb3 43. Rxa2 Bxa2 44. c5 Kg5 45. c6 h5 46. h4+ Kf6 47. Bf3 Be6 48. Kf2 Ke7 49. Ke3 Kd6 50. d4 exd4+ 51. Kxd4 Bb3 52. Be4 Ba4 1/2-1/2

[Event "Capablanca Memorial op 44th"]
[Site "Havana"]
[Date "2009.06.16"]
[Round "8"]
[White "Trujillo Villega, Pablo Adrian"]
[Black "Fleites Marti, Yuleikys"]
[Result "1-0"]
[WhiteElo "2209"]
[BlackElo "2228"]
[PlyCount "73"]
[EventDate "2009.06.08"]
[EventType "swiss"]
[EventRounds "10"]
[EventCountry "CUB"]
[SourceTitle "CBM 130 Extra"]
[Source "ChessBase"]
[SourceDate "2009.07.02"]
[SourceVersion "2"]
[SourceVersionDate "2009.07.15"]
[SourceQuality "1"]

1. e4 c5 2. Nf3 Nc6 3. d4 cxd4 4. Nxd4 Nf6 5. Nc3 e5 6. Ndb5 d6 7. Nd5 Nxd5 8. exd5 Nb8 9. a4 Be7 10. Be2 0-0 11. 0-0 Nd7 12. f4 a6 13. Na3 b6 14. Nc4 Bb7 15. fxe5 Nxe5 16. Nxe5 dxe5 17. c4 Bc5+ 18. Kh1 f5 19. a5 f4 20. Bd2 Rf6 21. b4 Bd4 22. Ra3 bxa5 23. bxa5 Rh6 24. Bxf4 Qe7 25. Bxh6 Qxa3 26. Bd2 Rf8 27. Bg4 Rf6 28. Rxf6 gxf6 29. Be6+ Kf8 30. Bh6+ Ke8 31. Bg7 Ke7 32. Bxf6+ Kd6 33. Bg7 Kc7 34. Qe1 Qb2 35. c5 Bc3 36. Qf1 e4 37. Qf4+ 1-0

[Event "Capablanca Memorial op 44th"]
[Site "Havana"]
[Date "2009.06.08"]
[Round "1"]
[White "Alonso Bouza, Julio Javier"]
[Black "Trujillo Villega, Pablo Adrian"]
[Result "1-0"]
[WhiteElo "2266"]
[BlackElo "2209"]
[PlyCount "115"]
[EventDate "2009.06.08"]
[EventType "swiss"]
[EventRounds "10"]
[EventCountry "CUB"]
[SourceTitle "CBM 130 Extra"]
[Source "ChessBase"]
[SourceDate "2009.07.02"]
[SourceVersion "2"]
[SourceVersionDate "2009.07.15"]
[SourceQuality "1"]

1. e4 c5 2. Nc3 Nc6 3. Bb5 g6 4. Bxc6 dxc6 5. d3 Bg7 6. Be3 b6 7. Qd2 e5 8. h3 Qe7 9. Nge2 Nf6 10. Bh6 0-0 11. 0-0 Ne8 12. Rae1 Nc7 13. Bxg7 Kxg7 14. f4 exf4 15. Nxf4 Qe5 16. Nd1 Ne6 17. b3 Rd8 18. Ne3 Nxf4 19. Rxf4 Be6 20. Nf5+ Kh8 21. Qf2 Re8 22. Nh6 Qd4 23. Nxf7+ Kg7 24. Ng5 Bg8 25. Re3 Rf8 26. Ref3 Rxf4 27. Rxf4 h6 28. Nf3 Qxf2+ 29. Kxf2 g5 30. Rg4 Be6 31. Rg3 Kf6 32. Ng1 h5 33. Rf3+ Ke5 34. Ke3 g4 35. hxg4 hxg4 36. Rf1 a5 37. a4 b5 38. Ra1 c4 39. bxc4 bxc4 40. d4+ Kd6 41. Rb1 Bd7 42. Ne2 c5 43. e5+ Kc6 44. Rb5 cxd4+ 45. Nxd4+ Kc7 46. Rc5+ Kd8 47. Rxc4 Rb8 48. e6 Be8 49. Kf4 Rb1 50. Kxg4 Ra1 51. Nb3 Ra2 52. Nc5 Bc6 53. Kf5 Bxg2 54. Kf6 Ra1 55. e7+ Ke8 56. Ne6 Rf1+ 57. Rf4 Rxf4+ 58. Nxf4 1-0

[Event "VEN-ch"]
[Site "San Felipe"]
[Date "2008.01.18"]
[Round "9"]
[White "Duran, Robert"]
[Black "Trujillo Villega, Pablo Adrian"]
[Result "1/2-1/2"]
[WhiteElo "2050"]
[BlackElo "2223"]
[PlyCount "68"]
[EventDate "2008.01.13"]
[EventType "tourn"]
[EventRounds "11"]
[EventCountry "VEN"]
[EventCategory "2"]
[SourceTitle "CBM 122 Extra"]
[Source "ChessBase"]
[SourceDate "2008.03.04"]
[SourceVersion "1"]
[SourceVersionDate "2008.03.04"]
[SourceQuality "1"]

1. e4 c5 2. Nf3 Nc6 3. d4 cxd4 4. Nxd4 Nf6 5. Nc3 e5 6. Ndb5 d6 7. Bg5 a6 8. Na3 b5 9. Nd5 Be7 10. Bxf6 Bxf6 11. c3 Bg5 12. Nc2 Rb8 13. a3 a5 14. Bd3 Ne7 15. b4 axb4 16. Ncxb4 Bd7 17. Nxe7 Qxe7 18. Qe2 0-0 19. 0-0 Rfc8 20. c4 bxc4 21. Bxc4 Be6 22. Bd5 Qd7 23. Qa6 Rc3 24. Rfd1 Bg4 25. Rdb1 Rbc8 26. a4 Bh4 27. a5 h5 28. Qb7 R3c7 29. a6 Bh3 30. gxh3 Qxh3 31. Nc6 Qg4+ 32. Kf1 Qh3+ 33. Kg1 Qg4+ 34. Kf1 Qh3+ 1/2-1/2